| 000 | 00558aam a2200193 4500 | ||
|---|---|---|---|
| 005 | 20161115134215.0 | ||
| 008 | 150608b xxu||||| |||| 00| 0 spa d | ||
| 041 | _aEspañol | ||
| 082 | _a972.867 A481h | ||
| 100 |
_aAmador, Jose Luis _922347 |
||
| 245 | _aHistoria y tradición en Potrero Grande: un pueblo de origen chiricano-panameño | ||
| 260 |
_aCosta Rica _bEUNED _c2008 |
||
| 300 | _a264 páginas | ||
| 650 |
_aCOSTA RICA _931580 |
||
| 650 |
_aPOTRERO GRANDE _923637 |
||
| 650 |
_aBUENOS AIRES _923638 |
||
| 650 |
_aPUNTARENAS _91062 |
||
| 942 | _cBK | ||
| 999 |
_c2697 _d2697 |
||